Linear programming in industry: theory and applications ; an introduction.
Guardado en:
| Autor Principal: | |
|---|---|
| Formato: | Libro |
| Idioma: | English |
| Publicado: |
New York :
Springer-Verlag,
[1974]
|
| Edición: | 4th rev. and enl. ed. |
| Materias: | |
| Etiquetas: |
Agregar Etiqueta
Sin Etiquetas, Sea el primero en etiquetar este registro!
|
| LEADER | 00695cam a2200217 a 4500 | ||
|---|---|---|---|
| 001 | MAT.inmabb005800 | ||
| 008 | 750317s1974####nyua#####b####001#0#eng## | ||
| 005 | 20130315170313.0 | ||
| 245 | 1 | 0 | |a Linear programming in industry: theory and applications ; |b an introduction. |
| 250 | |a 4th rev. and enl. ed. | ||
| 260 | |a New York : |b Springer-Verlag, |c [1974] | ||
| 300 | |a xii, 172 p. : |b il. ; |c 23 cm. | ||
| 504 | |a Bibliografía: p. [168]-169. | ||
| 510 | 4 | |a MR, |c 54 #2181 | |
| 020 | |a 0387811893 | ||
| 100 | 1 | |a Danø, Sven. | |
| 650 | 0 | |a Industrial management |x Linear programming. | |
| 084 | |a 90Cxx |2 msc2000 | ||
| 010 | |a 73013172 | ||
| 040 | |a DLC |c DLC |d DLC | ||
| 859 | |h 90 |i D188 |p A-4247 |b BIB. MATEMATICA | ||
